[Event "Bremen-ch op"]
[Site "Bremen"]
[Date "2018.03.30"]
[Round "8"]
[White "Borbely, Kurt"]
[Black "Norbach, Erik"]
[Result "1-0"]
[WhiteElo "1390"]
[BlackElo "984"]
[PlyCount "87"]
[EventDate "2018.03.24"]
[EventType "swiss"]
[EventRounds "9"]
[EventCountry "GER"]
[SourceTitle "EXT 2019"]
[Source "ChessBase"]
[SourceDate "2018.10.10"]
[SourceVersion "1"]
[SourceVersionDate "2018.10.10"]
[SourceQuality "1"]

1. d4 d5 2. Nf3 Nf6 3. Bf4 Nbd7 4. e3 g6 5. Nbd2 Bg7 6. Bd3 b6 7. c3 Bb7 8. Ne5 Nxe5 9. Bxe5 0-0 10. 0-0 e6 11. Qc2 c5 12. c4 cxd4 13. exd4 Ba6 14. b3 Rb8 15. h3 Rb7 16. Rab1 Bh6 17. Nf3 Nd7 18. b4 b5 19. c5 Nxe5 20. Nxe5 Bg7 21. Rbe1 f6 22. Nf3 Re8 23. Re2 Rb8 24. Rfe1 Bc8 25. c6 Qc7 26. Qc5 Rb6 27. Rc2 Bf8 28. Qc3 a6 29. a3 Bd6 30. g3 Re7 31. Kg2 Qa7 32. Qd2 Rc7 33. Rec1 Qa8 34. Qc3 Bd7 35. Qd2 Bxc6 36. Qe3 Qe8 37. Nd2 e5 38. dxe5 Bxe5 39. Qxb6 Ba8 40. Re1 Rc8 41. Qxa6 f5 42. Nf3 d4 43. Rxe5 Qf8 44. Rxc8 1-0